La deducibilidad del impuesto sobre los bienes personales por parte del responsable sustituto como consecuencia de la causa "Rectificaciones Rivadavia SA" (Registro nro. 19964)

Detalles MARC
000 -LEADER
fixed length control field 00435 a2200109 4500
001 - CONTROL NUMBER
control field ART_41574
005 - DATE AND TIME OF LATEST TRANSACTION
control field 20260410161754.0
008 - FIXED-LENGTH DATA ELEMENTS--GENERAL INFORMATION
fixed length control field 260409a
100 1# - MAIN ENTRY--PERSONAL NAME
Personal name García, Fernando D.
245 10 - TITLE STATEMENT
Title La deducibilidad del impuesto sobre los bienes personales por parte del responsable sustituto como consecuencia de la causa "Rectificaciones Rivadavia SA"
773 0# - HOST ITEM ENTRY
Title Doctrina tributaria
Related parts - Nº 381 (dic. 2011)
Record control number REV4296

No hay ítems disponibles.